000 00664nam a2200241Ia 4500
003 OSt
005 20220918173146.0
006 a|||||r|||| 00| 0
007 ta
008 220917b |||||||| |||| 00| 0 eng d
024 _a5,408
037 _cTextual
040 _aARTS
_cARTS
_beng
041 _2eng
_aeng
082 _a2:8g, M6 (2D)
100 _aMorris John.
_945155
245 0 _aLibrary disaster preparedness handbook
260 _aChicago
_bAmerican Library Association
_c1986
300 _avii,129p Bibliography
_ccm.
650 _aLIBRARY SCIENCE
942 _h2:8g, M6 (2D)
_cTEXL
_2CC
999 _c147440
_d147440